Mac attack! #2 / by D.J. Steinberg ; illustrated ... Read More
Available copies
- 0 of 1 copy available at LARL/NWRL Consortium.
- 0 of 1 copy available at Lake Agassiz Regional Library. (Show preferred library)
Current holds
0 current holds with 1 total copy.
Show Only Available Copies
| Location | Call Number / Copy Notes | Barcode | Shelving Location | Status | Due Date |
|---|---|---|---|---|---|
| Moorhead Public Library | J G STE (Text) | 33500009793456 | Main | Checked out | 07/17/2026 |
Record details
- ISBN: 9780448446998 (pbk.)
- ISBN: 0448446995 (pbk.)
- Physical Description: p. cm.
- Publisher: New York : Grosset & Dunlap, 2008.
Content descriptions
| Summary, etc.: | Loud Boy and his friends call upon their ... Read More |
Search for related items by subject
| Subject: | Graphic novels. Heroes > Fiction. Science fiction. Humorous stories. |
| Genre: | Graphic novels. |
Search for related items by series
| LDR | 01579cam a22003858a 4500 | ||
|---|---|---|---|
| 001 | 94977 | ||
| 003 | LARL_NWRL_CONSORTIUM | ||
| 005 | 20080801090414.0 | ||
| 008 | 080411s2008 nyu b 000 1 eng | ||
| 020 | . | ‡a9780448446998 (pbk.) | |
| 020 | . | ‡a0448446995 (pbk.) | |
| 035 | . | ‡a(OCoLC)183265762 | |
| 042 | . | ‡alcac | |
| 082 | 0 | 0. | ‡a741.5/973 ‡222 |
| 100 | 1 | . | ‡aSteinberg, David, ‡d1962- ‡0(LARL_NWRL_CONSORTIUM)190863 |
| 245 | 1 | 0. | ‡aMac attack! ‡n#2 / ‡cby D.J. Steinberg ; illustrated by Brian Smith. |
| 260 | . | ‡aNew York : ‡bGrosset & Dunlap, ‡c2008. | |
| 300 | . | ‡ap. cm. | |
| 490 | 0 | . | ‡aAdventures of Daniel Boom (aka Loud Boy) ; ‡v2 |
| 520 | . | ‡aLoud Boy and his friends call upon their superpowers, which consist mainly of atrocious behavior, to confront the cafeteria lady, who is working with the evil Kid-Rid Industries to brainwash children into being polite. | |
| 650 | 1. | ‡aGraphic novels. ‡0(LARL_NWRL_CONSORTIUM)40036 | |
| 650 | 1. | ‡aHeroes ‡vFiction. ‡0(LARL_NWRL_CONSORTIUM)165591 | |
| 650 | 1. | ‡aScience fiction. ‡0(LARL_NWRL_CONSORTIUM)30394 | |
| 650 | 1. | ‡aHumorous stories. ‡0(LARL_NWRL_CONSORTIUM)22555 | |
| 655 | 0. | ‡aGraphic novels. | |
| 700 | 1 | . | ‡aSmith, Brian ‡q(Brian Arthur), ‡d1975- ‡0(LARL_NWRL_CONSORTIUM)197671 |
| 901 | . | ‡a94977 ‡bOCLC ‡c94977 ‡tbiblio | |

Add to basket
Permalink
Disable Highlighting